| 000 | 00627nam a2200217Ia 4500 | ||
|---|---|---|---|
| 003 | OSt | ||
| 005 | 20220925225919.0 | ||
| 006 | a|||||r|||| 00| 0 | ||
| 007 | ta | ||
| 008 | 220923b |||||||| |||| 00| 0 eng d | ||
| 037 | _cGeneral Book | ||
| 040 |
_aRTL _cRTL _beng |
||
| 041 |
_2eng _aeng |
||
| 082 | _aU:(D6,9(B), N9 | ||
| 100 |
_aChaglia Massimo _9292996 |
||
| 245 | 0 |
_aGeographic information research _b Trans-Atlantic perspectives |
|
| 260 |
_aLondon _bTaylor & Francis _c1999 |
||
| 300 |
_axv, 607p _ccm. |
||
| 942 |
_hU:(D6,9(B), N9 _cGB _2CC |
||
| 999 |
_c584386 _d584386 |
||